[Event "2019"]
[Site "?"]
[Date "2019.05.29"]
[Round "1.1"]
[White "Troyke, Doreen"]
[Black "Laznicka, Viktor"]
[Result "0-1"]
[BlackElo "2660"]
[WhiteElo "2055"]
[LiveChessVersion "1.4.8"]

1. c4 {[%clk 1:30:57]} e5 {[%clk 1:30:56]} 2. g3 {[%clk 1:31:23]} f5
{[%clk 1:31:13]} 3. d4 {[%clk 1:30:54]} e4 {[%clk 1:31:17]} 4. Bg2
{[%clk 1:31:04]} Nf6 {[%clk 1:31:41]} 5. Nh3 {[%clk 1:30:31]} c6 {[%clk 1:31:19]}
6. Nc3 {[%clk 1:30:32]} Bb4 {[%clk 1:30:42]} 7. Bg5 {[%clk 1:27:50]} h6
{[%clk 1:30:53]} 8. Bxf6 {[%clk 1:26:47]} Qxf6 {[%clk 1:31:17]} 9. O-O
{[%clk 1:25:53]} d6 {[%clk 1:31:33]} 10. f3 {[%clk 1:24:54]} exf3
{[%clk 1:30:37]} 11. Bxf3 {[%clk 1:23:31]} O-O {[%clk 1:30:35]} 12. Rc1
{[%clk 1:20:48]} Na6 {[%clk 1:29:29]} 13. Nf2 {[%clk 1:14:28]} Be6
{[%clk 1:28:55]} 14. a3 {[%clk 1:11:59]} Bxc3 {[%clk 1:28:33]} 15. Rxc3
{[%clk 1:11:57]} Rae8 {[%clk 1:28:10]} 16. Qd2 {[%clk 1:07:02]} Qf7
{[%clk 1:24:00]} 17. b3 {[%clk 1:03:26]} Nc7 {[%clk 1:23:31]} 18. Nd3
{[%clk 1:03:00]} g5 {[%clk 1:22:45]} 19. Rf2 {[%clk 0:59:44]} Qg7
{[%clk 1:23:00]} 20. Ne1 {[%clk 0:57:56]} Bd7 {[%clk 1:22:42]} 21. Nc2
{[%clk 0:55:36]} f4 {[%clk 1:22:07]} 22. gxf4 {[%clk 0:47:57]} Rxf4
{[%clk 1:20:28]} 23. Qxf4 {[%clk 0:44:02]} gxf4+ {[%clk 1:20:49]} 24. Rg2
{[%clk 0:44:29]} Bf5 {[%clk 1:20:25]} 25. Rxg7+ {[%clk 0:44:06]} Kxg7
{[%clk 1:20:53]} 26. Kf2 {[%clk 0:42:18]} Kf6 {[%clk 1:20:01]} 27. Ne1
{[%clk 0:38:35]} Ne6 {[%clk 1:19:40]} 28. d5 {[%clk 0:35:25]} Nd4
{[%clk 1:18:22]} 29. dxc6 {[%clk 0:33:33]} bxc6 {[%clk 1:18:46]} 30. Ng2
{[%clk 0:32:43]} Ke5 {[%clk 1:18:20]} 31. e3 {[%clk 0:31:05]} Nxf3
{[%clk 1:18:14]} 32. exf4+ {[%clk 0:29:38]} Kd4 {[%clk 1:18:38]} 33. Rxf3
{[%clk 0:30:03]} d5 {[%clk 1:10:58]} 34. Ne3 {[%clk 0:23:07]} Be4
{[%clk 1:11:12]} 35. Rh3 {[%clk 0:20:22]} Rb8 {[%clk 1:08:32]} 36. cxd5
{[%clk 0:15:39]} cxd5 {[%clk 1:08:53]} 37. b4 {[%clk 0:12:52]} Rb6
{[%clk 1:09:07]} 38. Ke2 {[%clk 0:11:38]} Rf6 {[%clk 1:07:46]} 39. Nd1
{[%clk 0:07:13]} Bf5 {[%clk 1:01:02]} 40. Rg3 {[%clk 0:06:09]} h5
{[%clk 1:01:20]} 41. Kd2 {[%clk 0:03:35]} h4 {[%clk 1:01:30]} 42. Rg7
{[%clk 0:02:00]} Rc6 {[%clk 1:00:43]} 43. Ne3 {[%clk 0:01:00]} Be4
{[%clk 1:01:11]} 44. Rd7 {[%clk 0:13:09]} Rc3 {[%clk 1:13:25]} 45. Nf1
{[%clk 0:06:40]} Rxa3 {[%clk 1:12:34]} 46. Ke1 {[%clk 0:05:42]} Ra1+
{[%clk 1:12:39]} 47. Kf2 {[%clk 0:05:56]} Ra2+ {[%clk 1:13:03]} 48. Ke1
{[%clk 0:06:12]} Kd3 49. f5 {[%clk 0:05:31]} Re2+ {[%clk 1:11:21]} 50. Kd1
{[%clk 0:05:39]} Bf3 {[%clk 1:11:43]} 0-1

[Event "2019"]
[Site "?"]
[Date "2019.05.29"]
[Round "1.3"]
[White "Mueller, Wolfgang"]
[Black "Pacher, Milan"]
[Result "1/2-1/2"]
[BlackElo "2396"]
[WhiteElo "2052"]
[LiveChessVersion "1.4.8"]

1. e4 {[%clk 1:30:57]} c5 {[%clk 1:12:28]} 2. Nf3 {[%clk 1:31:19]} Nc6
{[%clk 1:12:51]} 3. d4 {[%clk 1:31:43]} cxd4 {[%clk 1:13:16]} 4. Nxd4
{[%clk 1:32:09]} e5 {[%clk 1:13:40]} 5. Nb5 {[%clk 1:31:37]} d6 {[%clk 1:14:02]}
6. N1c3 {[%clk 1:31:46]} a6 {[%clk 1:14:24]} 7. Na3 {[%clk 1:32:11]} b5
{[%clk 1:14:47]} 8. Nd5 {[%clk 1:32:31]} Nge7 {[%clk 1:15:03]} 9. c3
{[%clk 1:29:42]} Nxd5 {[%clk 1:14:34]} 10. Qxd5 {[%clk 1:29:01]} Bb7
{[%clk 1:13:02]} 11. Be2 {[%clk 1:25:28]} Na5 {[%clk 1:11:03]} 12. Qd3
{[%clk 1:25:11]} d5 {[%clk 1:11:02]} 13. exd5 {[%clk 1:23:53]} Bxa3
{[%clk 1:10:05]} 14. bxa3 {[%clk 1:23:53]} Qxd5 {[%clk 1:09:55]} 15. Qg3
{[%clk 1:17:41]} Qxg2 {[%clk 1:03:50]} 16. Qxg2 {[%clk 1:14:43]} Bxg2
{[%clk 1:04:15]} 17. Rg1 {[%clk 1:15:10]} Be4 {[%clk 1:02:55]} 18. Rxg7
{[%clk 1:09:24]} Bg6 {[%clk 1:03:01]} 19. Bh6 {[%clk 1:09:51]} Rc8
{[%clk 1:02:12]} 20. h4 {[%clk 1:05:25]} Rxc3 {[%clk 0:58:29]} 21. h5
{[%clk 1:02:18]} Rh3 {[%clk 0:52:04]} 22. O-O-O {[%clk 0:58:23]} Nc6
{[%clk 0:42:54]} 23. hxg6 {[%clk 0:40:08]} Rxh6 {[%clk 0:42:50]} 24. gxf7+
{[%clk 0:38:22]} Kf8 {[%clk 0:43:04]} 25. Rdg1 {[%clk 0:37:32]} Ne7
{[%clk 0:41:02]} 26. Bd3 {[%clk 0:32:58]} Rh2 {[%clk 0:37:13]} 27. a4
{[%clk 0:27:34]} Rxf2 {[%clk 0:31:03]} 28. axb5 {[%clk 0:27:58]} axb5
{[%clk 0:31:18]} 29. Bxb5 {[%clk 0:24:55]} Rxf7 {[%clk 0:25:10]} 30. R7g5
{[%clk 0:25:12]} Ng6 {[%clk 0:24:17]} 31. Rh5 {[%clk 0:22:22]} Rg8
{[%clk 0:22:34]} 32. Kd2 {[%clk 0:19:32]} Rgg7 {[%clk 0:20:15]} 33. Ke3
{[%clk 0:18:49]} Ke7 {[%clk 0:20:25]} 34. Rd1 {[%clk 0:17:59]} 1/2-1/2

[Event "2019"]
[Site "?"]
[Date "2019.05.29"]
[Round "1.4"]
[White "Stets, Dmitry"]
[Black "Kolthoff, Siegmund"]
[Result "1-0"]
[BlackElo "2046"]
[WhiteElo "2391"]
[LiveChessVersion "1.4.8"]

1. e4 {[%clk 1:30:55]} e5 {[%clk 1:30:46]} 2. Nf3 {[%clk 1:31:14]} Nf6
{[%clk 1:31:09]} 3. Nxe5 {[%clk 1:31:33]} d6 {[%clk 1:31:33]} 4. Nf3
{[%clk 1:31:57]} Nxe4 {[%clk 1:31:57]} 5. d4 {[%clk 1:32:16]} d5 {[%clk 1:32:18]}
6. Bd3 {[%clk 1:32:29]} Bf5 7. O-O {[%clk 1:32:04]} Be7 {[%clk 1:32:12]} 8. c4
{[%clk 1:27:06]} O-O {[%clk 1:32:13]} 9. Re1 {[%clk 0:55:11]} Nc6
{[%clk 1:29:31]} 10. a3 {[%clk 0:41:05]} Bf6 {[%clk 1:24:24]} 11. cxd5
{[%clk 0:31:48]} Qxd5 {[%clk 1:24:27]} 12. Bxe4 {[%clk 0:32:05]} Bxe4
{[%clk 1:24:18]} 13. Nc3 {[%clk 0:32:26]} Bxf3 {[%clk 1:23:21]} 14. Nxd5
{[%clk 0:32:49]} Bxd1 {[%clk 1:23:26]} 15. Nxf6+ {[%clk 0:33:09]} gxf6
{[%clk 1:23:53]} 16. Rxd1 {[%clk 0:33:32]} Rad8 {[%clk 1:23:33]} 17. Bh6
{[%clk 0:32:34]} Rfe8 {[%clk 1:23:28]} 18. Rd3 {[%clk 0:29:45]} Ne7
{[%clk 1:21:44]} 19. Rf3 {[%clk 0:20:08]} f5 {[%clk 1:19:49]} 20. Re1
{[%clk 0:18:25]} f6 {[%clk 1:19:33]} 21. h3 {[%clk 0:15:41]} Kf7 {[%clk 1:18:23]}
22. Be3 {[%clk 0:14:15]} Rd5 {[%clk 1:16:48]} 23. Rc1 {[%clk 0:14:17]} Nc6
{[%clk 1:16:12]} 24. Rc5 {[%clk 0:13:45]} Red8 {[%clk 1:16:24]} 25. Rxf5
{[%clk 0:11:35]} Rxf5 {[%clk 1:16:36]} 26. Rxf5 {[%clk 0:11:59]} Nxd4
{[%clk 1:16:54]} 27. Rc5 {[%clk 0:11:45]} c6 {[%clk 1:15:00]} 28. Rc4
{[%clk 0:11:22]} Nb5 {[%clk 1:10:13]} 29. Rh4 {[%clk 0:09:12]} Kg7
{[%clk 1:09:42]} 30. a4 {[%clk 0:09:35]} Rd1+ {[%clk 1:08:36]} 31. Kh2
{[%clk 0:09:56]} Nd6 {[%clk 1:09:01]} 32. Bxa7 {[%clk 0:10:03]} Nf5
{[%clk 1:09:14]} 33. Rb4 {[%clk 0:10:09]} Rd7 {[%clk 1:08:48]} 34. g4
{[%clk 0:10:22]} Nh4 {[%clk 1:07:55]} 35. Kg3 {[%clk 0:10:36]} Ng6
{[%clk 1:08:22]} 36. Rd4 {[%clk 0:10:31]} Rf7 {[%clk 1:08:15]} 37. Rd6
{[%clk 0:09:29]} b5 {[%clk 1:07:46]} 38. Bd4 {[%clk 0:09:54]} bxa4
{[%clk 1:08:12]} 39. g5 {[%clk 0:09:14]} Rc7 {[%clk 1:07:56]} 40. Rxf6
{[%clk 0:09:00]} Kg8 {[%clk 1:06:15]} 41. h4 {[%clk 0:09:01]} c5 {[%clk 1:06:40]}
42. Bc3 {[%clk 0:09:17]} Ne7 {[%clk 1:06:23]} 43. Ra6 {[%clk 0:09:26]} Nf5+
{[%clk 1:02:22]} 44. Kg4 {[%clk 0:09:41]} Nd4 {[%clk 1:02:16]} 45. Rxa4
{[%clk 0:10:00]} 1-0

[Event "2019"]
[Site "?"]
[Date "2019.05.29"]
[Round "1.5"]
[White "Carnot, Luca"]
[Black "Hacker, Jonas"]
[Result "0-1"]
[BlackElo "2386"]
[WhiteElo "2043"]
[LiveChessVersion "1.4.8"]

1. c4 {[%clk 1:30:57]} e5 {[%clk 1:30:49]} 2. Nc3 {[%clk 1:31:23]} Nf6
{[%clk 1:30:50]} 3. g3 {[%clk 1:31:43]} d5 {[%clk 1:31:13]} 4. cxd5
{[%clk 1:32:07]} Nxd5 {[%clk 1:31:40]} 5. Bg2 {[%clk 1:32:33]} Nb6
{[%clk 1:32:05]} 6. Nf3 {[%clk 1:32:30]} Nc6 {[%clk 1:32:30]} 7. O-O
{[%clk 1:32:15]} Be7 8. d3 {[%clk 1:30:59]} O-O {[%clk 1:33:03]} 9. Be3
{[%clk 1:29:47]} f5 {[%clk 1:28:25]} 10. a4 {[%clk 1:23:28]} a5 {[%clk 1:28:35]}
11. Bxb6 {[%clk 1:23:03]} cxb6 {[%clk 1:28:57]} 12. Nd2 {[%clk 1:22:04]} Be6
{[%clk 1:26:47]} 13. Nb5 {[%clk 1:14:19]} Qd7 {[%clk 1:19:48]} 14. Nc4
{[%clk 1:11:28]} Bxc4 {[%clk 1:15:37]} 15. dxc4 {[%clk 1:11:52]} Rad8
{[%clk 1:14:55]} 16. Qd5+ {[%clk 0:55:35]} Kh8 {[%clk 1:13:40]} 17. Qxd7
{[%clk 0:54:09]} Rxd7 {[%clk 1:13:35]} 18. Rfd1 {[%clk 0:54:30]} Rfd8
{[%clk 1:10:52]} 19. Bd5 {[%clk 0:41:04]} Bc5 {[%clk 1:06:54]} 20. Nc3
{[%clk 0:30:34]} g6 {[%clk 1:02:21]} 21. e3 {[%clk 0:27:06]} Bb4 {[%clk 0:56:15]}
22. Rac1 {[%clk 0:26:36]} Bxc3 {[%clk 0:43:38]} 23. bxc3 {[%clk 0:21:19]} e4
{[%clk 0:41:57]} 24. Rb1 {[%clk 0:21:14]} Ne5 {[%clk 0:42:08]} 25. Rdc1
{[%clk 0:15:53]} Nd3 {[%clk 0:34:56]} 26. Rc2 {[%clk 0:13:01]} Rd6
{[%clk 0:35:09]} 27. Rb5 {[%clk 0:10:11]} Nc5 {[%clk 0:33:27]} 28. Ra2
{[%clk 0:10:21]} g5 {[%clk 0:30:56]} 29. Rb1 {[%clk 0:08:50]} Kg7
{[%clk 0:29:05]} 30. Kg2 {[%clk 0:08:43]} g4 {[%clk 0:27:44]} 31. h3
{[%clk 0:06:06]} h5 {[%clk 0:27:15]} 32. h4 {[%clk 0:06:34]} Kf6 {[%clk 0:26:00]}
33. Kf1 {[%clk 0:06:54]} Ke7 {[%clk 0:25:32]} 34. Ke2 {[%clk 0:07:06]} R8d7
{[%clk 0:23:01]} 35. Rf1 {[%clk 0:05:37]} Kd8 {[%clk 0:21:11]} 36. Kd2
{[%clk 0:05:28]} Rc7 {[%clk 0:19:20]} 37. Kc2 {[%clk 0:04:50]} Ke7
{[%clk 0:17:34]} 38. Kb2 {[%clk 0:04:57]} Nd7 {[%clk 0:16:41]} 39. Kb3
{[%clk 0:04:33]} Ne5 {[%clk 0:15:09]} 40. Raa1 {[%clk 0:01:31]} Nd3
{[%clk 0:12:06]} 41. Rab1 {[%clk 0:15:11]} Kd8 {[%clk 0:24:47]} 42. Rbd1
{[%clk 0:15:00]} Nc5+ {[%clk 0:21:45]} 43. Ka3 {[%clk 0:15:17]} Ke7
{[%clk 0:20:41]} 44. Rb1 {[%clk 0:13:38]} Nd3 {[%clk 0:20:19]} 45. Kb3
{[%clk 0:13:53]} Rd8 {[%clk 0:19:07]} 46. Ka3 {[%clk 0:13:15]} Ne5
{[%clk 0:18:04]} 47. Rfc1 {[%clk 0:12:48]} Rdd7 {[%clk 0:12:17]} 48. Kb3
{[%clk 0:12:10]} Rc5 {[%clk 0:12:28]} 49. Ka3 {[%clk 0:11:47]} Rdc7
{[%clk 0:11:56]} 50. Rb3 {[%clk 0:09:27]} Rd7 {[%clk 0:08:42]} 51. Rc2
{[%clk 0:06:53]} Rd6 {[%clk 0:07:04]} 52. Bxb7 {[%clk 0:05:32]} Nxc4+
{[%clk 0:05:34]} 53. Ka2 {[%clk 0:05:58]} Kd8 {[%clk 0:05:36]} 54. Ba6
{[%clk 0:06:22]} Ne5 {[%clk 0:05:51]} 55. Rb5 {[%clk 0:05:28]} Nd3
{[%clk 0:05:04]} 56. Rb3 {[%clk 0:04:30]} Nb4+ {[%clk 0:05:06]} 0-1

[Event "2019"]
[Site "?"]
[Date "2019.05.29"]
[Round "1.6"]
[White "Langheinrich, Ferenc"]
[Black "Hiemer, Bernd"]
[Result "1-0"]
[BlackElo "2036"]
[WhiteElo "2379"]
[LiveChessVersion "1.4.8"]

1. c4 {[%clk 1:30:49]} Nf6 {[%clk 1:30:49]} 2. Nc3 {[%clk 1:31:03]} g6
{[%clk 1:31:17]} 3. e4 {[%clk 1:31:19]} d6 {[%clk 1:31:34]} 4. d4
{[%clk 1:31:42]} Bg7 {[%clk 1:31:57]} 5. h3 {[%clk 1:31:43]} O-O {[%clk 1:31:26]}
6. Be3 c6 {[%clk 1:29:17]} 7. Nf3 {[%clk 1:30:55]} a6 {[%clk 1:28:37]} 8. Bd3
{[%clk 1:27:18]} b5 {[%clk 1:24:25]} 9. e5 {[%clk 1:25:14]} Ne8 {[%clk 1:19:50]}
10. O-O {[%clk 1:23:05]} Nd7 {[%clk 1:08:52]} 11. Bf4 {[%clk 1:04:20]} Bb7
{[%clk 0:39:46]} 12. Re1 {[%clk 0:57:23]} dxe5 {[%clk 0:35:13]} 13. dxe5
{[%clk 0:57:25]} Nc7 {[%clk 0:35:01]} 14. Bg3 {[%clk 0:52:55]} Nc5
{[%clk 0:30:17]} 15. Be2 {[%clk 0:41:34]} b4 {[%clk 0:29:52]} 16. Na4
{[%clk 0:41:37]} Qxd1 {[%clk 0:20:50]} 17. Bxd1 {[%clk 0:41:08]} N7e6
{[%clk 0:21:12]} 18. Nd4 {[%clk 0:36:29]} Rad8 {[%clk 0:18:46]} 19. Nxe6
{[%clk 0:34:33]} Nxe6 {[%clk 0:19:00]} 20. Bg4 {[%clk 0:31:02]} Rd2
{[%clk 0:07:40]} 21. Rad1 {[%clk 0:28:51]} Rfd8 {[%clk 0:07:43]} 22. Rxd2
{[%clk 0:28:36]} Rxd2 {[%clk 0:08:12]} 23. Bxe6 {[%clk 0:27:18]} fxe6
{[%clk 0:08:41]} 24. Nc5 {[%clk 0:27:40]} Bc8 {[%clk 0:09:05]} 25. Bf4
{[%clk 0:27:22]} Rd8 {[%clk 0:07:36]} 26. b3 {[%clk 0:26:04]} Kf7
{[%clk 0:07:58]} 27. h4 a5 {[%clk 0:06:43]} 28. g3 {[%clk 0:26:28]} Rf8
{[%clk 0:06:24]} 29. Kg2 {[%clk 0:26:26]} Ke8 {[%clk 0:06:42]} 30. Bd2
{[%clk 0:25:16]} h6 {[%clk 0:05:29]} 31. f4 {[%clk 0:24:24]} Rf5 {[%clk 0:05:14]}
32. g4 {[%clk 0:24:34]} Rf8 {[%clk 0:05:33]} 33. g5 {[%clk 0:25:00]} 1-0

[Event "2019"]
[Site "?"]
[Date "2019.05.29"]
[Round "1.7"]
[White "Birkner, Frank"]
[Black "Kurayan, Ruslan"]
[Result "0-1"]
[BlackElo "2374"]
[WhiteElo "1784"]
[LiveChessVersion "1.4.8"]

1. d4 {[%clk 1:30:57]} Nf6 {[%clk 1:30:52]} 2. c4 {[%clk 1:31:21]} g6
{[%clk 1:31:16]} 3. g3 {[%clk 1:31:24]} Bg7 {[%clk 1:31:38]} 4. Bg2
{[%clk 1:31:45]} O-O {[%clk 1:31:58]} 5. Nc3 {[%clk 1:31:55]} d6 {[%clk 1:32:19]}
6. Nf3 {[%clk 1:32:13]} Nc6 {[%clk 1:32:23]} 7. O-O {[%clk 1:31:39]} Bf5 8. d5
{[%clk 1:29:05]} Na5 {[%clk 1:33:11]} 9. Qa4 {[%clk 1:24:46]} c5 {[%clk 1:30:59]}
10. Nd2 {[%clk 1:21:40]} a6 {[%clk 1:29:53]} 11. e4 {[%clk 1:20:30]} Bd7
{[%clk 1:29:38]} 12. Qc2 {[%clk 1:20:50]} b5 {[%clk 1:30:02]} 13. Rb1
{[%clk 1:20:00]} Nxc4 {[%clk 1:26:15]} 14. Nxc4 {[%clk 1:20:09]} bxc4
{[%clk 1:26:43]} 15. h3 {[%clk 1:20:05]} e6 {[%clk 1:21:54]} 16. dxe6
{[%clk 1:13:49]} Bxe6 {[%clk 1:19:32]} 17. Rd1 {[%clk 1:11:54]} Ra7
{[%clk 1:00:30]} 18. Bg5 {[%clk 1:06:38]} h6 {[%clk 0:59:30]} 19. Be3
{[%clk 1:06:57]} Rd7 {[%clk 0:50:49]} 20. f4 {[%clk 0:55:04]} Qe7
{[%clk 0:39:30]} 21. Qf2 {[%clk 0:48:06]} Rb8 {[%clk 0:38:58]} 22. Rd2
{[%clk 0:34:01]} Rdb7 23. Re1 {[%clk 0:30:30]} Qc7 {[%clk 0:30:03]} 24. e5
{[%clk 0:30:30]} dxe5 {[%clk 0:29:55]} 25. fxe5 {[%clk 0:29:47]} Nd7
{[%clk 0:28:28]} 26. Nd5 {[%clk 0:28:14]} Qa5 {[%clk 0:19:16]} 27. Ne7+
{[%clk 0:18:52]} Kh7 {[%clk 0:19:10]} 28. Nc6 {[%clk 0:16:23]} Qxa2
{[%clk 0:16:41]} 29. Nxb8 {[%clk 0:16:44]} Rxb8 {[%clk 0:17:02]} 30. b4
{[%clk 0:13:28]} cxb3 {[%clk 0:12:55]} 31. Rxa2 {[%clk 0:07:58]} bxa2
{[%clk 0:13:23]} 32. Be4 {[%clk 0:08:12]} Nxe5 {[%clk 0:10:52]} 33. g4
{[%clk 0:05:27]} Rb2 {[%clk 0:08:46]} 34. Qxb2 {[%clk 0:04:32]} Nf3+
{[%clk 0:09:08]} 35. Bxf3 {[%clk 0:04:55]} Bxb2 {[%clk 0:09:34]} 36. Bxc5
{[%clk 0:04:54]} a1=Q {[%clk 0:09:12]} 37. Rxa1 {[%clk 0:05:20]} Bxa1
{[%clk 0:09:37]} 38. Be2 {[%clk 0:04:49]} a5 {[%clk 0:09:54]} 39. Bb5
{[%clk 0:04:12]} Bb3 {[%clk 0:10:12]} 40. Kf2 {[%clk 0:04:22]} Bb2
{[%clk 0:10:34]} 41. Ke3 {[%clk 0:02:45]} a4 {[%clk 0:10:55]} 42. Kd3
{[%clk 0:02:25]} a3 {[%clk 0:11:16]} 43. Bxa3 {[%clk 0:00:54]} Bxa3
{[%clk 0:11:40]} 44. Ke4 {[%clk 0:01:14]} Bd6 {[%clk 0:12:04]} 45. Bc6
{[%clk 0:00:47]} Be6 {[%clk 0:06:49]} 46. Kf3 {[%clk 0:00:54]} Kg7
{[%clk 0:07:15]} 0-1

[Event "2019"]
[Site "?"]
[Date "2019.05.29"]
[Round "1.8"]
[White "Hirneise, Jens"]
[Black "Minor, Viatcheslav"]
[Result "1-0"]
[BlackElo "2032"]
[WhiteElo "2375"]
[LiveChessVersion "1.4.8"]

1. e4 {[%clk 1:30:57]} e6 {[%clk 1:30:48]} 2. d4 {[%clk 1:31:18]} d5
{[%clk 1:31:08]} 3. Nc3 {[%clk 1:31:34]} Bb4 {[%clk 1:31:09]} 4. e5
{[%clk 1:31:58]} Ne7 {[%clk 1:31:30]} 5. a3 {[%clk 1:31:58]} Bxc3+
{[%clk 1:31:53]} 6. bxc3 {[%clk 1:32:24]} c5 {[%clk 1:32:16]} 7. Nf3
{[%clk 1:32:23]} Bd7 8. h4 {[%clk 1:31:12]} Qa5 {[%clk 1:31:28]} 9. Bd2
{[%clk 1:31:20]} Nbc6 {[%clk 1:31:50]} 10. a4 {[%clk 1:22:17]} c4
{[%clk 1:30:49]} 11. h5 {[%clk 1:20:20]} h6 {[%clk 1:30:53]} 12. Qc1
{[%clk 1:19:32]} O-O-O {[%clk 1:29:56]} 13. Be2 {[%clk 1:19:00]} Rdg8
{[%clk 1:23:19]} 14. O-O {[%clk 1:18:30]} g6 {[%clk 1:15:07]} 15. Nh2
{[%clk 1:16:26]} gxh5 {[%clk 0:59:42]} 16. Bxh5 {[%clk 1:16:04]} Rg7
{[%clk 0:54:53]} 17. Ng4 {[%clk 1:12:33]} Ng8 {[%clk 0:43:10]} 18. Qa3
{[%clk 0:56:10]} Qd8 {[%clk 0:40:28]} 19. Bf4 {[%clk 0:54:22]} Qe7
{[%clk 0:24:22]} 20. Ne3 {[%clk 0:48:35]} Qxa3 {[%clk 0:22:00]} 21. Rxa3
{[%clk 0:49:03]} f5 {[%clk 0:22:10]} 22. f3 {[%clk 0:37:11]} Nge7
{[%clk 0:21:21]} 23. Kf2 {[%clk 0:36:46]} Ng6 {[%clk 0:19:54]} 24. Bh2
{[%clk 0:30:32]} Nce7 {[%clk 0:18:47]} 25. Rg1 {[%clk 0:28:15]} Nf8
{[%clk 0:12:21]} 26. a5 {[%clk 0:23:00]} Rg5 {[%clk 0:10:53]} 27. g4
{[%clk 0:22:24]} fxg4 {[%clk 0:09:58]} 28. Bxg4 {[%clk 0:22:39]} h5
{[%clk 0:09:58]} 29. Bh3 {[%clk 0:19:33]} Rxg1 {[%clk 0:10:24]} 30. Kxg1
{[%clk 0:19:54]} Nfg6 {[%clk 0:10:36]} 31. Kf2 {[%clk 0:18:49]} Rf8
{[%clk 0:10:33]} 32. Ra1 {[%clk 0:14:37]} Nh4 {[%clk 0:10:03]} 33. Bg2
{[%clk 0:14:08]} Nxg2 {[%clk 0:09:44]} 34. Nxg2 {[%clk 0:14:17]} Ng6
{[%clk 0:08:40]} 35. Bg3 {[%clk 0:14:16]} Kc7 {[%clk 0:08:05]} 36. Bh4
{[%clk 0:10:55]} Nxh4 {[%clk 0:06:20]} 37. Nxh4 {[%clk 0:11:24]} Rg8
{[%clk 0:05:28]} 38. Ng2 {[%clk 0:11:00]} Rh8 {[%clk 0:02:42]} 39. Kg3
{[%clk 0:07:50]} Rg8+ {[%clk 0:02:34]} 40. Kh3 {[%clk 0:07:48]} Rf8
{[%clk 0:01:26]} 41. Kg3 {[%clk 0:01:40]} Rg8+ {[%clk 0:01:39]} 42. Kf2
{[%clk 0:01:21]} Rh8 {[%clk 0:00:40]} 43. Nh4 {[%clk 0:12:35]} Rg8
{[%clk 0:13:56]} 44. f4 {[%clk 0:09:42]} Rg4 {[%clk 0:13:25]} 45. Ng2
{[%clk 0:09:41]} Be8 {[%clk 0:13:28]} 46. f5 {[%clk 0:09:13]} exf5
{[%clk 0:13:15]} 47. Ne3 {[%clk 0:09:09]} Rg5 {[%clk 0:08:19]} 48. Nxd5+
{[%clk 0:09:33]} Kd8 {[%clk 0:06:10]} 49. Nf6 {[%clk 0:09:07]} f4
{[%clk 0:04:04]} 50. Kf3 {[%clk 0:06:00]} Rg3+ {[%clk 0:02:52]} 51. Kxf4
{[%clk 0:06:12]} Rxc3 {[%clk 0:02:25]} 52. Rg1 {[%clk 0:06:03]} Ba4
{[%clk 0:02:15]} 53. Rg8+ {[%clk 0:06:23]} Ke7 {[%clk 0:02:28]} 54. Nd5+
{[%clk 0:06:35]} Kf7 {[%clk 0:02:44]} 55. Nxc3 {[%clk 0:07:01]} Kxg8
{[%clk 0:02:54]} 56. Nxa4 {[%clk 0:07:27]} 1-0

[Event "2019"]
[Site "?"]
[Date "2019.05.29"]
[Round "1.10"]
[White "Gegenfurtner, Juergen"]
[Black "Gass, Ulrich"]
[Result "1-0"]
[BlackElo "2029"]
[WhiteElo "2323"]
[LiveChessVersion "1.4.8"]

1. e4 {[%clk 1:30:56]} g6 {[%clk 1:30:53]} 2. d4 {[%clk 1:31:16]} Bg7
{[%clk 1:31:14]} 3. Nc3 {[%clk 1:31:30]} a6 {[%clk 1:31:03]} 4. Nf3
{[%clk 1:31:34]} d6 5. Be3 {[%clk 1:22:30]} Nf6 {[%clk 1:28:40]} 6. h3
{[%clk 1:19:42]} b5 {[%clk 1:28:24]} 7. Bd3 {[%clk 1:15:53]} Bb7 {[%clk 1:26:44]}
8. a3 {[%clk 1:14:02]} O-O {[%clk 1:24:35]} 9. O-O {[%clk 1:11:16]} Nbd7
{[%clk 1:24:28]} 10. Re1 {[%clk 1:09:35]} e6 {[%clk 1:13:32]} 11. Qd2
{[%clk 1:06:52]} c5 {[%clk 1:10:55]} 12. Bh6 {[%clk 1:06:07]} cxd4
{[%clk 1:10:34]} 13. Nxd4 {[%clk 1:05:39]} Qb6 {[%clk 1:09:35]} 14. Bxg7
{[%clk 1:02:01]} Kxg7 {[%clk 1:10:04]} 15. Qe3 {[%clk 0:58:39]} Rac8
{[%clk 1:03:39]} 16. a4 {[%clk 0:52:04]} e5 {[%clk 0:59:01]} 17. Nb3
{[%clk 0:51:28]} Qxe3 {[%clk 0:59:07]} 18. Rxe3 {[%clk 0:51:39]} b4
{[%clk 0:59:13]} 19. Na2 {[%clk 0:50:12]} Nc5 {[%clk 0:49:17]} 20. Nxb4
{[%clk 0:49:26]} Nxb3 {[%clk 0:47:07]} 21. cxb3 {[%clk 0:49:50]} a5
{[%clk 0:46:46]} 22. Na2 {[%clk 0:49:42]} d5 {[%clk 0:41:55]} 23. exd5
{[%clk 0:47:41]} Bxd5 {[%clk 0:41:45]} 24. Nc3 {[%clk 0:38:11]} Rfd8
{[%clk 0:34:43]} 25. Bc2 {[%clk 0:36:33]} Be6 {[%clk 0:25:08]} 26. Rc1
{[%clk 0:22:01]} Nd7 {[%clk 0:22:10]} 27. Rd1 {[%clk 0:21:05]} Kf8
{[%clk 0:15:50]} 28. Rd6 {[%clk 0:18:54]} Ke7 {[%clk 0:15:32]} 29. Ra6
{[%clk 0:18:16]} Ra8 {[%clk 0:11:44]} 30. Rxa8 {[%clk 0:17:54]} Rxa8
{[%clk 0:12:13]} 31. Nb5 {[%clk 0:17:17]} Rc8 {[%clk 0:06:53]} 32. Rc3
{[%clk 0:17:39]} Nc5 {[%clk 0:07:10]} 33. Kf1 {[%clk 0:15:27]} f5
{[%clk 0:03:04]} 34. h4 {[%clk 0:15:19]} Bd7 {[%clk 0:02:56]} 35. Na3
{[%clk 0:14:48]} Ke6 {[%clk 0:01:58]} 36. Nc4 {[%clk 0:13:19]} Nb7
{[%clk 0:02:24]} 37. Ke1 {[%clk 0:09:03]} Rc5 {[%clk 0:01:52]} 38. h5
{[%clk 0:08:16]} Bc6 {[%clk 0:02:04]} 39. g4 {[%clk 0:06:30]} e4 {[%clk 0:01:54]}
40. Bd1 {[%clk 0:03:48]} f4 {[%clk 0:00:56]} 41. Kd2 {[%clk 0:01:40]} Be8
{[%clk 0:12:37]} 42. hxg6 {[%clk 0:16:21]} Bxg6 {[%clk 0:11:05]} 43. Nb6
{[%clk 0:14:35]} Kd6 {[%clk 0:07:37]} 44. Be2 {[%clk 0:14:21]} Rg5
{[%clk 0:06:40]} 45. Nc8+ {[%clk 0:13:29]} Ke6 {[%clk 0:04:29]} 46. Rc6+
{[%clk 0:13:24]} Kd7 {[%clk 0:03:12]} 47. Bb5 {[%clk 0:13:15]} Kd8
{[%clk 0:03:31]} 48. Nb6 {[%clk 0:13:22]} Nc5 {[%clk 0:03:37]} 49. Kc3
{[%clk 0:11:33]} e3 {[%clk 0:02:51]} 50. fxe3 {[%clk 0:11:59]} fxe3
{[%clk 0:02:42]} 51. Bc4 {[%clk 0:11:06]} Ne4+ {[%clk 0:02:48]} 52. Kd4
{[%clk 0:11:15]} Nf2 {[%clk 0:02:56]} 53. Kxe3 {[%clk 0:10:00]} Nxg4+
{[%clk 0:02:49]} 54. Kf4 {[%clk 0:10:11]} h6 {[%clk 0:02:56]} 55. Nd5
{[%clk 0:09:18]} Ne5 {[%clk 0:02:25]} 56. Rd6+ {[%clk 0:09:22]} Ke8
{[%clk 0:02:50]} 57. Re6+ {[%clk 0:09:42]} 1-0